01330nam a2200325Ia 4500001001200000003000800012006001900020007001500039008004100054010001700095020001500112020003500127040002100162035002000183050002400203082002400227245011600251260006200367300001500429504006600444533015200510650004700662650004600709655002900755700003200784700002800816710001700844856012600861999001700987ebr10021575CaPaEBRm u cr cn|||||||||001219s2001 mdu sb 001 0 eng d z 00054603  z0801875137 z0801867045 (pbk. : alk. paper) aCaPaEBRcCaPaEBR a(OCoLC)7073942414aBV4327b.C48 2001eb04a323/.042/08820422100aChristian clergy in American politicsh[electronic resource] /cedited by Sue E.S. Crawford and Laura R. Olson. aBaltimore, Md. :bJohns Hopkins University Press,cc2001. axi, 287 p. aIncludes bibliographical references (p. [253]-273) and index. aElectronic reproduction.bPalo Alto, Calif. :cebrary,d2013.nAvailable via World Wide Web.nAccess may be limited to ebrary affiliated libraries. 0aClergyzUnited StatesxPolitical activity. 0aChristianity and politicszUnited States. 7aElectronic books.2local1 aCrawford, Sue E. S.,d1967-1 aOlson, Laura R.,d1967-2 aebrary, Inc.40uhttp://site.ebrary.com/lib/rucke/Doc?id=10021575zAn electronic book accessible through the World Wide Web; click to view c10281d10281